000
00321nam a22001457a 4500
999
_c
54944
_d
54944
008
190927b ||||| |||| 00| 0 eng d
020
_a
9780071716727
041
_a
eng
080
_2
2nd
_a
618.1
082
_a
618.1
100
_a
11
101
_a
GJIN
245
_a
Williams Gynecology
_c
Hoffman,B.L
942
_2
udc
_c
BK